Statistics for Guess the rapper by the song #1

Click here to take the quiz!

General Stats

  • This quiz has been taken 17 times
  • The average score is 7 of 15

Answer Stats

SongRapper% Correct
goosebumpsTravis Scott
94%
The Bigger PictureLil Baby
81%
Ball If I Want ToDaBaby
75%
Aim For The Moon (feat. Quavo)Pop Smoke
75%
What's NextDrake
69%
RodeoLil Nas X
69%
Run It Up (feat. Offset and Moneybagg Yo)Lil Tjay
56%
Opp Stoppa (feat. 21 Savage)YBN Nahmir
56%
Outside (Better Days)Blueface
31%
LottoJoyner Lucas
19%
Stupid AgainTory Lanez
19%
My Window (feat. Lil Wayne)Youngboy Never Broke Again
19%
Jumpin Out The FaceLil Mosey
13%
Our TimeLil Tecca
13%
Out On BailYG
13%

Score Distribution

Percentile by Number Answered

Percent of People with Each Score

Your Score History

You have not taken this quiz